[Event "Bayerische EM (allgemein)"]
[Site "Bad Könofgshofen"]
[Date "2010.08.22"]
[Round "1.1"]
[White "Reich, Thomas"]
[Black "Schatz, Christian"]
[Result "1/2-1/2"]
[WhiteElo "2350"]
[BlackElo "2189"]
[PlyCount "75"]
[EventDate "2010.??.??"]
[WhiteTeam "FC Bayern München e.V."]
[BlackTeam "Schachzentrum Fürth 2002"]

1. e4 Nf6 2. e5 Nd5 3. d4 d6 4. c4 Nb6 5. exd6 exd6 6. Nc3 Be7 7. Bd3 Nc6 8.
Nge2 O-O 9. b3 Re8 10. O-O Bf6 11. h3 Nxd4 12. Nxd4 Bxd4 13. Bxh7+ Kxh7 14.
Qxd4 Bd7 15. Bb2 Qg5 16. f4 Qg6 17. Rf3 Bc6 18. f5 Qg5 19. h4 Qf6 20. Qxf6 gxf6
21. Rf4 Re3 22. Kf2 Rae8 23. Rd1 a5 24. Rd2 Nd7 25. Nd1 R8e4 26. Rxe4 Rxe4 27.
g3 Ne5 28. Ne3 Kg7 29. Nd5 Bxd5 30. Rxd5 b6 31. Bc1 Ng4+ 32. Kf3 Re1 33. Bf4
Ne5+ 34. Kf2 Rb1 35. Ke2 a4 36. Rd1 Rb2+ 37. Rd2 Rb1 38. Rd1 1/2-1/2

[Event "Bayerische EM (allgemein)"]
[Site "Bad Könofgshofen"]
[Date "2010.08.22"]
[Round "1.2"]
[White "Kuhn, Tobias"]
[Black "Lentrodt, Thomas"]
[Result "0-1"]
[WhiteElo "2213"]
[BlackElo "2340"]
[PlyCount "68"]
[EventDate "2010.??.??"]
[WhiteTeam "SK 1982 Klingenberg/Main"]
[BlackTeam "FC Bayern München e.V."]

1. e4 e6 2. d4 d5 3. Nd2 Nf6 4. e5 Nfd7 5. c3 c5 6. Bd3 cxd4 7. cxd4 Nc6 8. Ne2
Qb6 9. Nf3 Bb4+ 10. Bd2 Bxd2+ 11. Qxd2 Qb4 12. Rc1 f6 13. exf6 Qxd2+ 14. Kxd2
gxf6 15. Rhe1 Nb6 16. Nf4 Kf7 17. g4 Rg8 18. h3 h6 19. b4 a6 20. a3 Bd7 21. Rc5
Rac8 22. Rec1 Ke7 23. Bh7 Rgd8 24. Bd3 Kd6 25. Nh5 Rf8 26. b5 Nxd4 27. Rxc8
Nxf3+ 28. Ke3 Nxc8 29. Kxf3 axb5 30. Rb1 Na7 31. a4 bxa4 32. Rxb7 Nc6 33. Rb6
Kc5 34. Ra6 Ne5+ 0-1

[Event "Bayerische EM (allgemein)"]
[Site "Bad Könofgshofen"]
[Date "2010.08.22"]
[Round "1.3"]
[White "Golda, Harald"]
[Black "Sternheimer, Erhard"]
[Result "1-0"]
[WhiteElo "2315"]
[BlackElo "2191"]
[PlyCount "63"]
[EventDate "2010.??.??"]
[WhiteTeam "Schachklub Schweinfurt 2000 e.V."]
[BlackTeam "SC Bad Königshofen 1957"]

1. d4 d6 2. Nf3 Nd7 3. c4 e5 4. Nc3 Ngf6 5. g3 Be7 6. Bg2 O-O 7. O-O Re8 8. d5
a5 9. e4 Nc5 10. Qc2 c6 11. Be3 cxd5 12. Bxc5 dxe4 13. Bxd6 exf3 14. Bxe7 Qxe7
15. Bxf3 Be6 16. b3 Rab8 17. Rfe1 Qc7 18. Qe2 Bd7 19. Rad1 Bc6 20. Qe3 b6 21.
Bxc6 Qxc6 22. Nd5 Nd7 23. Qg5 f6 24. Qg4 Nc5 25. Ne3 Rbd8 26. Nf5 Qc7 27. Rd5
Rxd5 28. cxd5 Nb7 29. Qa4 Rc8 30. Qc6 Kf8 31. Rc1 Qxc6 32. Rxc6 1-0

[Event "Bayerische EM (allgemein)"]
[Site "Bad Könofgshofen"]
[Date "2010.08.22"]
[Round "1.4"]
[White "Jussupow, Alexander"]
[Black "Safyanowsky, Mark"]
[Result "1/2-1/2"]
[WhiteElo "2112"]
[BlackElo "2299"]
[PlyCount "49"]
[EventDate "2010.??.??"]
[WhiteTeam "SK Krumbach"]
[BlackTeam "SC Dillingen"]

1. d4 d6 2. Nf3 g6 3. Bf4 Bg7 4. e3 Nf6 5. h3 O-O 6. Be2 c5 7. c3 b6 8. O-O
Nbd7 9. Nbd2 Bb7 10. a4 a6 11. Bh2 Qc7 12. b4 Rfc8 13. bxc5 bxc5 14. c4 Bxf3
15. Bxf3 Rab8 16. Rb1 Qa5 17. Rxb8 Rxb8 18. Nb3 Qb4 19. Nxc5 Nxc5 20. dxc5 Qxc5
21. Qc2 Nd7 22. Qe4 Ne5 23. Be2 Bf6 24. Bxe5 Bxe5 25. Rb1 1/2-1/2

[Event "Bayerische EM (allgemein)"]
[Site "Bad Könofgshofen"]
[Date "2010.08.22"]
[Round "1.5"]
[White "Nuber, Korbinian"]
[Black "Hofstetter, Hans-Joachim"]
[Result "0-1"]
[WhiteElo "2211"]
[BlackElo "2197"]
[PlyCount "80"]
[EventDate "2010.??.??"]
[WhiteTeam "SC Dillingen"]
[BlackTeam "SK 1933 Bad Neustadt"]

1. g3 e5 2. Bg2 d5 3. d3 Nf6 4. c4 dxc4 5. Qa4+ Bd7 6. Qxc4 Bc6 7. Nf3 Bd6 8.
Nc3 O-O 9. O-O a6 10. b4 b5 11. Qb3 a5 12. bxa5 b4 13. Nd1 Rxa5 14. Ne3 Na6 15.
Bd2 e4 16. dxe4 Nxe4 17. Nc4 Nxd2 18. Nfxd2 Bxg2 19. Kxg2 Rd5 20. Rfd1 Re8 21.
Nxd6 Rxd6 22. Nc4 Qa8+ 23. Qf3 Qxf3+ 24. Kxf3 Rde6 25. Rd2 g6 26. Rc1 Nc5 27.
h4 Ne4 28. Rb2 Rf6+ 29. Kg2 Rxf2+ 30. Kg1 Rf6 31. Kg2 c5 32. a3 Nc3 33. axb4
cxb4 34. Rcc2 Rc6 35. Na5 Rce6 36. Rxb4 Nd5 37. Rbb2 Ne3+ 38. Kf2 Rf6+ 39. Kg1
Rf1+ 40. Kh2 Nxc2 0-1

[Event "Bayerische EM (allgemein)"]
[Site "Bad Könofgshofen"]
[Date "2010.08.22"]
[Round "1.6"]
[White "Miskevicer, Boris"]
[Black "Heiduczek, Josef"]
[Result "1-0"]
[WhiteElo "2216"]
[BlackElo "2234"]
[PlyCount "109"]
[EventDate "2010.??.??"]
[WhiteTeam "SG Schwabing München Nord e.V."]
[BlackTeam "SC Rottal"]

1. d4 f5 2. g3 Nf6 3. Bg2 g6 4. Nf3 Bg7 5. O-O O-O 6. c4 d6 7. Nc3 Nc6 8. d5
Ne5 9. Nxe5 dxe5 10. e4 f4 11. gxf4 exf4 12. e5 Ng4 13. e6 Ne5 14. Bf3 Nxc4 15.
Kh1 Ne5 16. b3 c6 17. Be4 cxd5 18. Bxd5 Qb6 19. Ba3 Qa5 20. Bxe7 Re8 21. b4 Qc7
22. Bc5 Bxe6 23. Nb5 Qf7 24. Bxe6 Rxe6 25. Nd6 Qd7 26. Ne4 Nd3 27. Qb3 Bxa1 28.
Ng5 Nxc5 29. bxc5 Kh8 30. Qxe6 Qxe6 31. Nxe6 Bf6 32. Rb1 f3 33. h3 Re8 34. Nf4
Rd8 35. Ne6 Rd2 36. c6 bxc6 37. Rb8+ Bd8 38. Rxd8+ Rxd8 39. Nxd8 c5 40. Ne6 c4
41. Kh2 c3 42. Nd4 Kg7 43. Kg3 Kf6 44. Kxf3 Kg5 45. Kg3 Kh5 46. f4 Kh6 47. Kg4
Kg7 48. Kg5 h6+ 49. Kg4 Kf6 50. h4 a6 51. Kf3 g5 52. fxg5+ hxg5 53. h5 Ke5 54.
Nc2 Kf5 55. Ne3+ 1-0

[Event "Bayerische EM (allgemein)"]
[Site "Bad Könofgshofen"]
[Date "2010.08.22"]
[Round "1.7"]
[White "Hirn, Oskar"]
[Black "Jussupow, Nadia"]
[Result "1-0"]
[WhiteElo "2246"]
[BlackElo "2143"]
[PlyCount "85"]
[EventDate "2010.??.??"]
[WhiteTeam "SC Noris-Tarrasch Nürnberg 1873"]
[BlackTeam "SK Krumbach"]

1. c4 e5 2. Nc3 d6 3. g3 g6 4. Bg2 Bg7 5. d3 f5 6. e3 Nf6 7. Nge2 O-O 8. O-O c6
9. Rb1 Be6 10. f4 Qc7 11. b3 Nbd7 12. h3 Rad8 13. Kh2 Rfe8 14. e4 exf4 15. Nxf4
fxe4 16. Nxe6 Rxe6 17. Nxe4 Nxe4 18. Bxe4 Nf6 19. Bf3 Rde8 20. Bf4 Qe7 21. Qd2
Nh5 22. Bg5 Re2+ 23. Bxe2 Qxe2+ 24. Rf2 Qxd2 25. Bxd2 Bd4 26. Rg2 Rf8 27. g4
Be5+ 28. Kg1 Nf4 29. Bxf4 Rxf4 30. Rd1 g5 31. Re2 Rf3 32. d4 Bf4 33. Rde1 Rxh3
34. Re8+ Kf7 35. R8e7+ Kf8 36. Re8+ Kf7 37. R1e7+ Kf6 38. Re6+ Kf7 39. R8e7+
Kf8 40. Rxb7 Rg3+ 41. Kf2 Rxg4 42. c5 Bh2 43. cxd6 1-0

[Event "Bayerische EM (allgemein)"]
[Site "Bad Könofgshofen"]
[Date "2010.08.22"]
[Round "1.8"]
[White "Rein, Iwan"]
[Black "Zill, Christoph"]
[Result "1/2-1/2"]
[WhiteElo "2072"]
[BlackElo "2252"]
[PlyCount "62"]
[EventDate "2010.??.??"]
[WhiteTeam "TS Bayreuth"]
[BlackTeam "SK Freising"]

1. d4 f5 2. c4 Nf6 3. Nc3 d6 4. g3 g6 5. Bg2 Bg7 6. Nf3 O-O 7. O-O Qe8 8. e4
fxe4 9. Ng5 Nc6 10. Be3 Bg4 11. Qd2 Qd7 12. Ncxe4 h6 13. Nxf6+ exf6 14. Ne4 Kh7
15. Rae1 Bh3 16. Nc3 Bxg2 17. Kxg2 Ne7 18. f3 d5 19. c5 b5 20. Bf2 Rf7 21. Qd3
b4 22. Ne2 f5 23. Nf4 Re8 24. Qa6 g5 25. Qe6 Qxe6 26. Nxe6 c6 27. Nxg7 Kxg7 28.
Re6 Rf6 29. Rfe1 Kf7 30. R6e5 Rg6 31. R1e2 Rgg8 1/2-1/2

[Event "Bayerische EM (allgemein)"]
[Site "Bad Könofgshofen"]
[Date "2010.08.22"]
[Round "1.9"]
[White "Heimrath, Reiner"]
[Black "Shashkin, Igor"]
[Result "1/2-1/2"]
[WhiteElo "2231"]
[BlackElo "2086"]
[PlyCount "75"]
[EventDate "2010.??.??"]
[WhiteTeam "SC Noris-Tarrasch Nürnberg 1873"]
[BlackTeam "PTSV SK Hof 1892"]

1. e4 c5 2. Nf3 Nc6 3. Bb5 a6 4. Bxc6 dxc6 5. h3 Qc7 6. b3 e5 7. Bb2 f6 8. d3
Ne7 9. Nbd2 Ng6 10. g3 Be6 11. Qe2 Bd6 12. a4 a5 13. Nc4 h5 14. h4 b6 15. Nfd2
Nf8 16. Qe3 b5 17. Nxd6+ Qxd6 18. f4 exf4 19. gxf4 Bg4 20. e5 Qe7 21. Qe4 Kf7
22. axb5 Ng6 23. Nc4 f5 24. Qxc6 Rhd8 25. Nd6+ Kg8 26. Nb7 Rdc8 27. Qxg6 Qxb7
28. O-O Qxb5 29. Bc3 c4 30. e6 Rc7 31. Be5 Re7 32. bxc4 Qc5+ 33. d4 Qxc4 34.
Rfe1 Qc3 35. Qg5 Qg3+ 36. Kf1 Qf3+ 37. Kg1 Qg3+ 38. Kf1 1/2-1/2

[Event "Bayerische EM (allgemein)"]
[Site "Bad Könofgshofen"]
[Date "2010.08.22"]
[Round "1.10"]
[White "Brychcy, Felix"]
[Black "Liepold, Stefan"]
[Result "1-0"]
[WhiteElo "2120"]
[BlackElo "2235"]
[PlyCount "97"]
[EventDate "2010.??.??"]
[WhiteTeam "MSA Zugzwang 82 e.V."]
[BlackTeam "SC Erlangen 48/88"]

1. d4 Nf6 2. c4 g6 3. Nc3 d5 4. cxd5 Nxd5 5. e4 Nxc3 6. bxc3 Bg7 7. Bc4 c5 8.
Ne2 Nc6 9. Be3 O-O 10. O-O Bg4 11. f3 Na5 12. Bd3 cxd4 13. cxd4 Be6 14. d5 Bxa1
15. Qxa1 f6 16. Qd4 Bf7 17. Bh6 Re8 18. Bb5 e5 19. Qf2 Re7 20. f4 Be8 21. Bd3
Rf7 22. Qg3 Qd6 23. h4 Kh8 24. h5 Rc8 25. hxg6 hxg6 26. fxe5 Qxe5 27. Qxg6 Rh7
28. Qxf6+ Qxf6 29. Rxf6 Rf7 30. Bg5 Kg7 31. e5 Rxf6 32. Bxf6+ Kf7 33. g4 Rc5
34. Nf4 Bb5 35. Bg6+ Kg8 36. e6 Rc1+ 37. Kf2 Rf1+ 38. Kg3 Nc4 39. Bf7+ Kh7 40.
Bg6+ Kg8 41. Bf7+ Kh7 42. g5 Nd2 43. Bg6+ Kg8 44. d6 Rg1+ 45. Kh4 Nf3+ 46. Kh5
Rh1+ 47. Kg4 Bc6 48. d7 Rg1+ 49. Kh3 1-0

[Event "Bayerische EM (allgemein)"]
[Site "Bad Könofgshofen"]
[Date "2010.08.22"]
[Round "1.11"]
[White "Lederle, Vitus"]
[Black "Kretschel, Klaus"]
[Result "1-0"]
[WhiteElo "2191"]
[BlackElo "2133"]
[PlyCount "77"]
[EventDate "2010.??.??"]
[WhiteTeam "SC Dillingen"]
[BlackTeam "SC Unterpfaffenhofen"]

1. e4 e5 2. Nf3 Nc6 3. d4 exd4 4. Nxd4 Nf6 5. Nxc6 bxc6 6. e5 Nd5 7. Bd3 d6 8.
c4 Nb6 9. O-O dxe5 10. Qe2 Be7 11. Rd1 Nd7 12. Nc3 O-O 13. Bf5 Bd6 14. Ne4 Nc5
15. Bxc8 Qxc8 16. Nxc5 Bxc5 17. Qxe5 Qg4 18. Bd2 Bd4 19. Qxc7 Rac8 20. Qg3 Qxg3
21. hxg3 Bxb2 22. Rab1 Bd4 23. Bf4 Rfd8 24. Kf1 Bb6 25. Bd6 Rd7 26. c5 Ba5 27.
Rd3 f6 28. Ra3 Bd8 29. Re1 Kf7 30. Rae3 Rb7 31. g4 Rb4 32. f4 a5 33. Re8 Rb7
34. f5 g6 35. Rh8 Kg7 36. Ree8 Rd7 37. Bf8+ Kf7 38. Bh6 gxf5 39. gxf5 1-0

[Event "Bayerische EM (allgemein)"]
[Site "Bad Könofgshofen"]
[Date "2010.08.22"]
[Round "1.12"]
[White "Kleibel, Uwe"]
[Black "Höfelsauer, Thomas"]
[Result "1-0"]
[WhiteElo "2001"]
[BlackElo "2186"]
[PlyCount "85"]
[EventDate "2010.??.??"]
[WhiteTeam "SC Ortenburg 1894 e.V."]
[BlackTeam "Schachklub München Südost e.V."]

1. d4 d5 2. c4 e6 3. Nc3 c6 4. cxd5 exd5 5. Nf3 Bf5 6. Bf4 Nf6 7. e3 Be7 8. h3
Nbd7 9. Be2 Ne4 10. O-O O-O 11. Nd2 Nxc3 12. bxc3 b5 13. a4 a6 14. f3 Nf6 15.
Be5 Re8 16. Re1 Nd7 17. e4 Bg6 18. Bg3 Nf6 19. e5 Nh5 20. Bh2 Bh4 21. Rf1 Ng3
22. Bxg3 Bxg3 23. f4 Bf5 24. Bg4 Qc8 25. Bxf5 Qxf5 26. Qg4 Qxg4 27. hxg4 Bh4
28. g5 f6 29. Kh2 fxg5 30. g3 Bxg3+ 31. Kxg3 gxf4+ 32. Kxf4 Rf8+ 33. Ke3 Rfb8
34. axb5 cxb5 35. Nb3 b4 36. cxb4 Rxb4 37. Nc5 a5 38. Rfb1 Rc4 39. Kd3 a4 40.
Rf1 h6 41. e6 g6 42. e7 Re8 43. Ne6 1-0

[Event "Bayerische EM (allgemein)"]
[Site "Bad Könofgshofen"]
[Date "2010.08.22"]
[Round "1.13"]
[White "Schmid, Roland"]
[Black "Fischer, Gerd"]
[Result "1-0"]
[WhiteElo "2140"]
[BlackElo "2091"]
[PlyCount "35"]
[EventDate "2010.??.??"]
[WhiteTeam "TSV Wacker Neutraubling"]
[BlackTeam "FC Gunzenhausen 1910 e.V"]

1. d4 Nf6 2. Nf3 g6 3. g3 Bg7 4. c4 d6 5. Bg2 O-O 6. Nc3 c5 7. O-O Nc6 8. dxc5
dxc5 9. Be3 Be6 10. Qa4 Qb6 11. Qb5 Nd7 12. Ng5 Bf5 13. Nd5 Qd8 14. Qxb7 Na5
15. Qxa8 Qxa8 16. Nxe7+ Kh8 17. Bxa8 Bxb2 18. Rad1 1-0

[Event "Bayerische EM (allgemein)"]
[Site "Bad Könofgshofen"]
[Date "2010.08.22"]
[Round "1.14"]
[White "Maurer, Heinrich"]
[Black "Kunz, Konstantin"]
[Result "0-1"]
[WhiteElo "2189"]
[BlackElo "2273"]
[PlyCount "67"]
[EventDate "2010.??.??"]
[WhiteTeam "SK Kelheim 1920"]
[BlackTeam "SC Kitzingen von 1905"]

1. e4 c5 2. Nc3 a6 3. a4 e6 4. Bc4 Nc6 5. Nf3 Nf6 6. O-O Nxe4 7. Nxe4 d5 8.
Bxd5 Qxd5 9. d3 Be7 10. Bf4 O-O 11. Re1 f6 12. Bc7 Nd4 13. c3 Nxf3+ 14. Qxf3
Qc6 15. Qg3 e5 16. Bxe5 fxe5 17. Qxe5 Rf7 18. d4 cxd4 19. cxd4 Be6 20. Nc3 Bd7
21. d5 Qb6 22. Re2 Bc5 23. Ne4 Re8 24. Qc3 Bxf2+ 25. Kh1 Bd4 26. Qe1 Rfe7 27.
Qf1 Rxe4 28. Rxe4 Rxe4 29. Qf3 Re3 30. Qf4 Be5 31. Qg5 Bf6 32. Qf4 Qxb2 33. Rf1
Qe5 34. Qxe3 0-1

[Event "Bayerische EM (allgemein)"]
[Site "Bad Könofgshofen"]
[Date "2010.08.22"]
[Round "1.15"]
[White "Jussupow, Ekaterina"]
[Black "Maugg, Ludwig"]
[Result "1/2-1/2"]
[WhiteElo "2174"]
[BlackElo "2099"]
[PlyCount "98"]
[EventDate "2010.??.??"]
[WhiteTeam "SK Krumbach"]
[BlackTeam "SC Sonthofen"]

1. e4 c5 2. Nf3 Nc6 3. d4 cxd4 4. Nxd4 Nf6 5. Nc3 e5 6. Ndb5 d6 7. Bg5 a6 8.
Na3 b5 9. Nd5 Be7 10. Bxf6 Bxf6 11. c3 Bg5 12. h4 Bh6 13. Nc2 O-O 14. g4 Bf4
15. Qf3 Be6 16. Nxf4 exf4 17. Qxf4 Ne5 18. Be2 Bxg4 19. Ne3 Bxe2 20. Kxe2 Rc8
21. h5 b4 22. Rag1 bxc3 23. Qg3 g6 24. hxg6 fxg6 25. Nd5 Rf3 26. Qh2 Qd7 27.
Rxg6+ Nxg6 28. Kxf3 Rf8+ 29. Ke3 cxb2 30. f4 Qa7+ 31. Kf3 Qb7 32. Rb1 Ne5+ 33.
Kg2 Nc4 34. Kh1 Rb8 35. Rg1+ Kh8 36. Qh6 Qf7 37. Nc3 Nd2 38. f5 b1=Q 39. Nxb1
Nxb1 40. Qxd6 Qh5+ 41. Qh2 Qxh2+ 42. Kxh2 Nd2 43. Rg4 Rg8 44. Rf4 Kg7 45. e5
Kf7 46. Kh3 Rc8 47. Rh4 Rc3+ 48. Kg2 Nc4 49. Rxh7+ Kg8 1/2-1/2

[Event "Bayerische EM (allgemein)"]
[Site "Bad Könofgshofen"]
[Date "2010.08.22"]
[Round "1.16"]
[White "Wilfert, André"]
[Black "Lipok, Christoph"]
[Result "1/2-1/2"]
[WhiteElo "2087"]
[BlackElo "2208"]
[PlyCount "95"]
[EventDate "2010.??.??"]
[WhiteTeam "1.FC Marktleuthen"]
[BlackTeam "Spgem Kötz/Ichenhausen"]

1. e4 c6 2. d4 d5 3. e5 c5 4. c3 Nc6 5. Nf3 Bg4 6. Be2 e6 7. Nbd2 cxd4 8. Nxd4
Bxe2 9. Qxe2 Nxd4 10. cxd4 Qb6 11. O-O Ne7 12. Nb3 Nc6 13. Be3 a5 14. Rac1 a4
15. Nc5 Ra5 16. Qg4 h5 17. Qd1 Bxc5 18. dxc5 Qd8 19. f4 g6 20. Bd4 Rb5 21. Rf3
Rb4 22. Rd3 Qa8 23. a3 Rb5 24. Rh3 Kd7 25. Rb1 Rb3 26. Rxb3 axb3 27. Rc1 Qa4
28. Be3 Kc7 29. Rc3 Na5 30. Qd3 Rd8 31. c6 Nxc6 32. Rxb3 d4 33. Bd2 Rd5 34. Bb4
Qa6 35. Bd6+ Kc8 36. Qxa6 bxa6 37. Kf2 d3 38. Ke1 d2+ 39. Kd1 f6 40. Rc3 Kd7
41. Rc2 fxe5 42. Bxe5 Nxe5 43. fxe5 Rxe5 44. Kxd2 Kd6 45. Kd3 Rb5 46. b4 Kd5
47. Rc8 Ke5 48. Rc6 1/2-1/2

[Event "Bayerische EM (allgemein)"]
[Site "Bad Könofgshofen"]
[Date "2010.08.22"]
[Round "1.17"]
[White "Schindler, Viktor"]
[Black "Weigert, Wilhelm"]
[Result "1-0"]
[WhiteElo "2139"]
[BlackElo "2024"]
[PlyCount "38"]
[EventDate "2010.??.??"]
[WhiteTeam "PTSV SK Hof 1892"]
[BlackTeam "SK Kelheim 1920"]

1. e4 d6 2. d4 Nf6 3. Nc3 g6 4. g3 Bg7 5. Bg2 O-O 6. Nge2 e5 7. h3 Nc6 8. Be3
exd4 9. Nxd4 Bd7 10. O-O Re8 11. Nde2 Qc8 12. Kh2 Rb8 13. g4 a6 14. Ng3 Bxg4
15. hxg4 Nxg4+ 16. Kg1 Nxe3 17. fxe3 Re5 18. Nd5 Rg5 19. Qf3 Ne5 1-0

[Event "Bayerische EM (allgemein)"]
[Site "Bad Königshofen"]
[Date "2010.08.23"]
[Round "2.1"]
[White "Lentrodt, Thomas"]
[Black "Schindler, Viktor"]
[Result "0-1"]
[WhiteElo "2340"]
[BlackElo "2139"]
[PlyCount "132"]
[EventDate "2010.??.??"]
[WhiteTeam "FC Bayern München e.V."]
[BlackTeam "PTSV SK Hof 1892"]

1. c4 Nf6 2. Nc3 d5 3. cxd5 Nxd5 4. g3 g6 5. Bg2 Nb6 6. d3 Bg7 7. Nf3 Nc6 8.
Be3 e5 9. Qd2 Nd4 10. O-O Nf5 11. Bc5 Nd6 12. Qc2 O-O 13. Rac1 Nd7 14. Ba3 c5
15. Na4 b6 16. Nxe5 Nxe5 17. Bxa8 Bh3 18. Bh1 Bxf1 19. Kxf1 Nb5 20. Nc3 Nxa3
21. bxa3 Qd7 22. Bg2 Nc6 23. Qa4 Rc8 24. Nd5 Kf8 25. Rc4 Bd4 26. e3 b5 27. Qxb5
Rb8 28. Qa4 Rb1+ 29. Ke2 Qg4+ 30. Kd2 Rb2+ 31. Rc2 Bxe3+ 32. fxe3 Qxa4 33. Rxb2
Qxa3 34. Rc2 Ne5 35. Nc3 c4 36. dxc4 Nxc4+ 37. Ke2 Qa6 38. Kf2 Qf6+ 39. Ke2 Qa6
40. Kf2 Qf6+ 41. Ke2 Na3 42. Rc1 Qb6 43. Kf3 Qb2 44. Ne2 Nc2 45. Kf2 Qf6+ 46.
Bf3 Nb4 47. Kg2 Nd3 48. Rf1 Qb2 49. Kh3 Qxa2 50. Nd4 Ne5 51. Be4 a5 52. Rb1 Qd2
53. Rb3 a4 54. Ra3 Qb4 55. Ra1 a3 56. Bd5 Qc3 57. Rf1 Qxe3 58. Ne6+ Ke7 59. Nf4
Qd2 60. Bb3 Qd7+ 61. Kg2 Qb7+ 62. Bd5 Qb2+ 63. Rf2 Qd4 64. Ba2 Qe4+ 65. Kf1
Qh1+ 66. Ke2 Qa1 0-1

[Event "Bayerische EM (allgemein)"]
[Site "Bad Königshofen"]
[Date "2010.08.23"]
[Round "2.2"]
[White "Hofstetter, Hans-Joachim"]
[Black "Hirn, Oskar"]
[Result "1/2-1/2"]
[WhiteElo "2197"]
[BlackElo "2246"]
[PlyCount "236"]
[EventDate "2010.??.??"]
[WhiteTeam "SK 1933 Bad Neustadt"]
[BlackTeam "SC Noris-Tarrasch Nürnberg 1873"]

1. d4 Nf6 2. Nf3 e6 3. c4 d5 4. g3 Be7 5. Bg2 O-O 6. O-O c6 7. Nc3 Nbd7 8. Ne5
Nxe5 9. dxe5 Nd7 10. f4 b5 11. cxb5 Qb6+ 12. Kh1 cxb5 13. e4 d4 14. Ne2 Bb7 15.
Nxd4 Nxe5 16. fxe5 Rad8 17. Be3 Bc5 18. Qg4 Bxd4 19. Bg5 Bxe5 20. Bxd8 Qxd8 21.
Rad1 Qa5 22. Qh5 Qc7 23. Rc1 Qb8 24. Rc5 Bd4 25. Rxb5 Qc7 26. Rd1 g6 27. Qg5 e5
28. Qd2 Rc8 29. Rb3 Kg7 30. h4 h5 31. Kh2 Qc6 32. Qb4 Rc7 33. Rxd4 exd4 34.
Qxd4+ Kh7 35. Rc3 Qd7 36. Qxa7 Rxc3 37. bxc3 Qc6 38. Qf2 Qc4 39. Qc2 Bc8 40.
Qb3 Qc7 41. a4 Be6 42. Qb4 g5 43. Qb5 gxh4 44. Qxh5+ Kg7 45. Qxh4 f6 46. Bh3
Bxh3 47. Kxh3 Qxc3 48. Qg4+ Kf7 49. Qh5+ Kg7 50. a5 Qa1 51. Qd5 Kg6 52. Kg4 Qb2
53. Qd3 Qe5 54. a6 Qh5+ 55. Kf4 Qe5+ 56. Kf3 Qa1 57. Kg4 Qa4 58. Kh3 Qa1 59.
Kg2 Qa2+ 60. Kf3 Qa1 61. Ke2 Qb2+ 62. Kd1 Qa1+ 63. Kc2 Qa4+ 64. Kb1 Qb4+ 65.
Kc2 Qa4+ 66. Kd2 Qb4+ 67. Ke2 Qb2+ 68. Kf3 Qa1 69. e5+ f5 70. Qe2 Qh1+ 71. Ke3
Qg1+ 72. Kf4 Qc1+ 73. Kf3 Qh1+ 74. Ke3 Qg1+ 75. Kd2 Qxg3 76. e6 Qd6+ 77. Ke1
Qb4+ 78. Kf1 Qf4+ 79. Kg1 Qd4+ 80. Qf2 Qa1+ 81. Qf1 Qd4+ 82. Kg2 Qd5+ 83. Kh3
Qxe6 84. Qg2+ Kh6 85. Qf1 Qe3+ 86. Kg2 Qd2+ 87. Kh1 Qd5+ 88. Kh2 Qd2+ 89. Kg3
Qe3+ 90. Kh2 Qd2+ 91. Kh1 Qd5+ 92. Kg1 Qd4+ 93. Qf2 Qa1+ 94. Qf1 Qd4+ 95. Kh2
Qd2+ 96. Kh3 Qe3+ 97. Kg2 Qg5+ 98. Kf3 Qg4+ 99. Ke3 Qe4+ 100. Kd2 Qb4+ 101. Kc2
Qa4+ 102. Kc3 Qa3+ 103. Kd4 Qd6+ 104. Ke3 Qe5+ 105. Kf3 Qe4+ 106. Kg3 Qe3+ 107.
Kg2 Qd2+ 108. Qf2 Qd5+ 109. Kg1 Qd1+ 110. Qf1 Qd4+ 111. Kh1 Qd5+ 112. Qg2 Qd1+
113. Qg1 Qd5+ 114. Qg2 Qd1+ 115. Qg1 Qf3+ 116. Qg2 Qd1+ 117. Qg1 Qf3+ 118. Qg2
Qd1+ 1/2-1/2

[Event "Bayerische EM (allgemein)"]
[Site "Bad Königshofen"]
[Date "2010.08.23"]
[Round "2.3"]
[White "Kunz, Konstantin"]
[Black "Golda, Harald"]
[Result "1/2-1/2"]
[WhiteElo "2273"]
[BlackElo "2315"]
[PlyCount "46"]
[EventDate "2010.??.??"]
[WhiteTeam "SC Kitzingen von 1905"]
[BlackTeam "Schachklub Schweinfurt 2000 e.V."]

1. b3 c5 2. Bb2 d5 3. e3 e6 4. f4 Nf6 5. Nf3 Be7 6. Be2 O-O 7. O-O Nc6 8. Qe1
d4 9. Bb5 Nb4 10. Na3 a6 11. Be2 dxe3 12. dxe3 b5 13. Qg3 Bb7 14. Ng5 Qd2 15.
Rf2 Qd8 16. c3 Nd3 17. Rd1 Nxf2 18. Rxd8 Raxd8 19. Qxf2 Rd2 20. Bc1 Rxa2 21.
Qe1 c4 22. b4 Rd8 23. Nf3 Be4 1/2-1/2

[Event "Bayerische EM (allgemein)"]
[Site "Bad Königshofen"]
[Date "2010.08.23"]
[Round "2.4"]
[White "Miskevicer, Boris"]
[Black "Lederle, Vitus"]
[Result "1/2-1/2"]
[WhiteElo "2216"]
[BlackElo "2191"]
[PlyCount "94"]
[EventDate "2010.??.??"]
[WhiteTeam "SG Schwabing München Nord e.V."]
[BlackTeam "SC Dillingen"]

1. d4 Nf6 2. Nf3 g6 3. c4 Bg7 4. g3 d6 5. Bg2 O-O 6. O-O Nbd7 7. Nc3 e5 8. h3
c6 9. e4 exd4 10. Nxd4 Re8 11. Kh2 Nc5 12. Re1 a5 13. Bf4 Nh5 14. Be3 Qc7 15.
Qd2 Nf6 16. Bh6 Bxh6 17. Qxh6 Nd3 18. Re2 Ne5 19. Qh4 Kg7 20. b3 a4 21. f4 axb3
22. fxe5 Rxe5 23. Qf4 Nh5 24. Qd2 bxa2 25. Rxa2 Rxa2 26. Nxa2 Rc5 27. Qc3 Kg8
28. Nb3 Rg5 29. Re3 Qe7 30. Nac1 Nf6 31. Nd3 Rh5 32. Nf2 Re5 33. Rd3 h5 34. Qd2
d5 35. cxd5 cxd5 36. exd5 h4 37. g4 Re2 38. Qf4 Nd7 39. d6 Qe5 40. Qxe5 Nxe5
41. Rd2 Rxd2 42. Nxd2 Kf8 43. Nfe4 f5 44. gxf5 Bxf5 45. Kg1 Kf7 46. Nc5 b6 47.
Bd5+ Ke8 1/2-1/2

[Event "Bayerische EM (allgemein)"]
[Site "Bad Königshofen"]
[Date "2010.08.23"]
[Round "2.5"]
[White "Brychcy, Felix"]
[Black "Schmid, Roland"]
[Result "0-1"]
[WhiteElo "2120"]
[BlackElo "2140"]
[PlyCount "54"]
[EventDate "2010.??.??"]
[WhiteTeam "MSA Zugzwang 82 e.V."]
[BlackTeam "TSV Wacker Neutraubling"]

1. d4 e6 2. Nf3 f5 3. g3 Nf6 4. Bg2 d5 5. O-O Bd6 6. c4 c6 7. Qc2 O-O 8. Nc3
Ne4 9. Rb1 Qe7 10. b4 Bd7 11. c5 Bc7 12. Bf4 Bxf4 13. gxf4 Be8 14. Ne5 Kh8 15.
Nd1 Qh4 16. Qc1 Nd7 17. Rb3 Nxe5 18. dxe5 g5 19. fxg5 f4 20. Kh1 Nxg5 21. Rg1
Bh5 22. Qb2 f3 23. Bf1 fxe2 24. Bxe2 Qe4+ 25. f3 Nxf3 26. Re3 Qh4 27. Rg2 Qe1+
0-1

[Event "Bayerische EM (allgemein)"]
[Site "Bad Königshofen"]
[Date "2010.08.23"]
[Round "2.6"]
[White "Safyanowsky, Mark"]
[Black "Kleibel, Uwe"]
[Result "1-0"]
[WhiteElo "2299"]
[BlackElo "2001"]
[PlyCount "117"]
[EventDate "2010.??.??"]
[WhiteTeam "SC Dillingen"]
[BlackTeam "SC Ortenburg 1894 e.V."]

1. Nf3 d5 2. g3 Nf6 3. Bg2 c6 4. O-O Bf5 5. c4 e6 6. Qb3 Qb6 7. d3 Nbd7 8. Be3
Qxb3 9. axb3 a6 10. Nc3 Be7 11. Nh4 Bg6 12. h3 O-O 13. f4 Nh5 14. Nxg6 hxg6 15.
g4 Nhf6 16. Rfd1 Rfd8 17. Bf2 Bd6 18. e3 Bxf4 19. d4 Bd6 20. c5 Bc7 21. b4 Ne8
22. g5 f5 23. Bf3 Rac8 24. Kg2 Bb8 25. h4 Kf7 26. Ne2 Nc7 27. Nc1 Nb5 28. Nb3
Bc7 29. Rh1 Rh8 30. Be2 Nb8 31. Rh3 Rh7 32. Rah1 Rch8 33. Nd2 Ke7 34. h5 gxh5
35. g6 Rh6 36. Bh4+ Kf8 37. Bg5 Nd7 38. Bxh6 gxh6 39. g7+ Kxg7 40. Rg3+ Kf8 41.
Bxh5 Rg8 42. Rxg8+ Kxg8 43. Be2 Kh7 44. Nf3 Bd8 45. Ng5+ Kg6 46. Nxe6 Be7 47.
Kh3 Kf6 48. Bxb5 Kxe6 49. Be2 Nf6 50. Kg3 Bf8 51. Bf3 Bg7 52. Ra1 Kd7 53. Be2
Bf8 54. Bd3 Ke6 55. Kf3 Ng4 56. b5 cxb5 57. c6 bxc6 58. Rxa6 Nh2+ 59. Ke2 1-0